|
|
|
|
| LEADER |
00000cam a2200000 7i4500 |
| 001 |
0000003951 |
| 005 |
20121101.0 |
| 020 |
0 |
0 |
|a 9780273751311
|
| 090 |
0 |
0 |
|a 658
|b ASS D
|
| 100 |
1 |
0 |
|a Assen, Marcel van
|
| 245 |
1 |
0 |
|a Key management models :
|b the 60+ models every manager needs to know /
|c Marcel van Assen, Gerben van den Berg, Paul Pietersma
|
| 250 |
0 |
0 |
|a 2nd ed.
|
| 260 |
0 |
0 |
|a Harlow :
|b Financial Times/Prentice Hall, ,
|c 2009
|
| 300 |
|
|
|a xiv, 249p. :
|b ill. ;
|c 24cm.
|
| 504 |
0 |
0 |
|a Includes bibliographical references and index
|
| 650 |
0 |
0 |
|a Business communication
|
| 650 |
0 |
0 |
|a Management
|
| 650 |
0 |
0 |
|a Organizational effectiveness
|
| 700 |
0 |
1 |
|a Berg, Gerben Van den
|
| 700 |
0 |
1 |
|a Pietersma, Paul
|
| 998 |
|
|
|a JPSM
|
| 999 |
|
|
|a 007736
|b Monograph
|c Open Shelf
|e Default branch
|